Computational Materials Science An Introduction (Record no. 565810)

000 -LEADER
fixed length control field 00341nam a2200121Ia 4500
008 - FIXED-LENGTH DATA ELEMENTS--GENERAL INFORMATION
fixed length control field 210430s9999 xx 000 0 und d
082 ## - DEWEY DECIMAL CLASSIFICATION NUMBER
Classification number 620.110113 L471C
100 ## - MAIN ENTRY--PERSONAL NAME
Personal name Lee June Gunn
245 ## - TITLE STATEMENT
Title Computational Materials Science An Introduction
Statement of responsibility, etc. Lee June Gunn
260 ## - PUBLICATION, DISTRIBUTION, ETC.
Place of publication, distribution, etc. New York
Name of publisher, distributor, etc. CRC Press
Date of publication, distribution, etc. 2012
300 ## - PHYSICAL DESCRIPTION
Extent 280p.
942 ## - ADDED ENTRY ELEMENTS (KOHA)
Koha item type Reference
Source of classification or shelving scheme
Holdings
Withdrawn status Lost status Source of classification or shelving scheme Damaged status Not for loan Permanent Location Current Location Shelving location Date acquired Total Checkouts Full call number Barcode Date last seen Date last checked out Price effective from Koha item type
          School of Chemical & Materials Engineering (SCME) School of Chemical & Materials Engineering (SCME) Reference   1 620.110113 L471C SCME-4759 08/15/2025 12/20/2024 04/30/2021 Book
© 2023 Central Library, National University of Sciences and Technology. All Rights Reserved.